Insurance management (Record no. 6254)

MARC details
000 -LEADER
fixed length control field 00892 a2200241 4500
005 - DATE AND TIME OF LATEST TRANSACTION
control field 20080826171246.0
008 - FIXED-LENGTH DATA ELEMENTS--GENERAL INFORMATION
fixed length control field 080826t xxu||||| |||| 00| 0 eng d
010 ## - LIBRARY OF CONGRESS CONTROL NUMBER
LC control number ENG-87234
020 ## - INTERNATIONAL STANDARD BOOK NUMBER
International Standard Book Number 8176299480
Terms of availability 990.00
035 ## - SYSTEM CONTROL NUMBER
System control number EN-70767
037 ## - SOURCE OF ACQUISITION
Source of stock number/acquisition DBAD / PUB
082 ## - DEWEY DECIMAL CLASSIFICATION NUMBER
Classification number 368.0068
100 ## - MAIN ENTRY--PERSONAL NAME
Personal name Pal, Kamal
245 ## - TITLE STATEMENT
Title Insurance management
Statement of responsibility, etc by Kamal Pal, B.S. Bodla and M.C. Garg
260 ## - PUBLICATION, DISTRIBUTION, ETC. (IMPRINT)
Place of publication, distribution, etc New Delhi
Name of publisher, distributor, etc Deep & Deep Publications
Date of publication, distribution, etc 2007
270 ## - ADDRESS
Address F-159, Rajouri Garden
City New Delhi
Postal code 110 027
300 ## - PHYSICAL DESCRIPTION
Extent xix, 527p.
Dimensions 24cm (Hb )
500 ## - GENERAL NOTE
General note Includes bibliographical references and index
700 ## - ADDED ENTRY--PERSONAL NAME
Personal name Bodla, B.S.
700 ## - ADDED ENTRY--PERSONAL NAME
Personal name Garg, M.C.
942 ## - ADDED ENTRY ELEMENTS (KOHA)
Institution code [OBSOLETE] dpl
Koha item type English Books
Call number prefix 368.0068 / PAL
Source of classification or shelving scheme Dewey Decimal Classification
Classification part 368.0068
Call number suffix PAL
Holdings
Withdrawn status Lost status Damaged status Not for loan Home library Current library Date acquired Cost, normal purchase price Total Checkouts Full call number Barcode Date last seen Copy number Uniform Resource Identifier Cost, replacement price Price effective from Koha item type
        D.B.Act.Division D.B.Act.Division 26/08/2008 990.00   368.0068 PAL EN-70767 15/09/2008 1 6732 990.00 15/09/2008 English Books

© Delhi Public Library
Hit Counter
free hit counter